00563nam a2200157 i 450000100060000000300090000600500170001500700030003200800410003510000210007624501400009726000480023730000310028550000660031685200230038219663ES-MaACL20230906152137.0t|021007s1927 sp ||||1| spa d0 aAbelló, José10aNuevo método de investigación histopatológica en la tuberculosis pulmonarb: induración de esputos / cJosé Abelló Pascual. aMadrid : b[s.n.], c1927 (fJosé Molina) a18 p. : bgrab. ; c25 cm. aBol. Técnico de la Dirección Gral. de Sanidad, II, nº 1. aES-MaACLj1711-F-7